000 00820cam a22002415a 4500
001 18145191
005 20151215145846.0
008 140509t2014 gw a frbd 001 0 eng d
020 _a9783642552694 (hard cover : alk. paper)
040 _aDLC
_beng
_cDLC
_dEG-ScBUE
082 0 4 _222
_a005.74068
_bCOU
245 0 2 _aA course in in-memory data management :
_bthe inner mechanics of in-memory databases /
_c[edited by] Hasso Plattner.
260 _aBerlin :
_bSpringer-Verlag,
_cc.2014.
300 _axxiii, 312 p. :
_bill. ;
_c25 cm.
500 _aIndex : p. 311-312.
500 _aGlossary : p. 305-310.
504 _aincludes bibliographical references.
650 7 _2BUEsh
_911309
_aDatabase management.
651 _2BUEsh
653 _bCOMSCI
_cDecember2015
700 1 _aPlattner, Hasso,
_eeditor.
942 _2ddc
999 _c20151
_d20123